|
|
|
|
| LEADER |
01529nam a22002897a 4500 |
| 003 |
GR-PaULI |
| 005 |
20210117211124.0 |
| 008 |
200729s2016 enkab||| |||| 00| 0 eng d |
| 952 |
|
|
|0 0
|1 0
|2 ddc
|4 0
|6 388_413000000000000_2_PAR
|7 0
|9 242222
|a ARCH
|b ARCH
|c BSC
|d 2020-07-29
|i 011448
|l 0
|o 388.413 2 PAR
|p 025000203535
|r 2020-07-29 00:00:00
|t 1
|v 2020.00
|w 2020-07-29
|y BK15
|
| 999 |
|
|
|c 146130
|d 146130
|
| 020 |
|
|
|a 9781786352262
|
| 040 |
|
|
|a GR-PaULI
|b gre
|c GR-PaULI
|
| 082 |
0 |
4 |
|a 388.413 2
|2 23
|
| 245 |
0 |
0 |
|a Paratransit :
|b shaping the flexible transport future /
|c edited by Corinne Mulley, John D. Nelson.
|
| 260 |
|
|
|a Bingley, UK :
|b Emerald Group Publishing Limited,
|c 2016.
|
| 300 |
|
|
|a xiii, 445 σ. :
|b εικ., χάρτες ;
|c 24 εκ.
|
| 490 |
1 |
|
|a Transport and sustainability ;
|v 8
|
| 500 |
|
|
|a Selected papers presented at the International Paratransit Conference in Monterey in October 2014.
|
| 504 |
|
|
|a Περιλαμβάνει βιβλιογραφικές αναφορές και ευρετήριο.
|
| 650 |
|
0 |
|9 182029
|a Υπηρεσίες μεταφορών για άτομα με ειδικές ανάγκες
|
| 650 |
|
0 |
|9 182030
|a Μεταφορές
|x Τεχνολογικές καινοτομίες
|
| 700 |
1 |
|
|9 181982
|a Mulley, Corinne
|e επιμελήτρια.
|
| 700 |
1 |
|
|9 182031
|a Nelson, John
|e επιμελητής.
|
| 711 |
2 |
|
|9 182032
|a International Paratransit Conference
|d (2014 :
|c Monterey, Calif.)
|
| 830 |
|
|
|9 172854
|a Transport and sustainability
|v 8
|
| 942 |
|
|
|2 ddc
|c BK15
|
| 998 |
|
|
|c ΚΗΠΟΥΡΓΟΥ
|d 2020-07
|